| 000 | 00551 a2200181 4500 | ||
|---|---|---|---|
| 020 | _a0-8493-4199-X | ||
| 040 |
_aDLC _bDLC |
||
| 082 | 0 | 0 | _a621.395 |
| 100 | _aChen, Wai-Kai | ||
| 245 | 1 | 4 |
_aThe VLSI handbook _cedited by Wai-Kai Chen |
| 250 | _a2. ed. | ||
| 260 |
_aBoca Raton : _bCRC/Taylor & Francis, _ccop. 2007 |
||
| 300 |
_aCa 2000 s : _bill. |
||
| 440 | 4 |
_aThe electrical engineering handbook series, _v38 |
|
| 650 | 0 |
_aIntegrated circuits _xVery large scale integration |
|
| 700 | 1 |
_aChen, Wai-Kai, _d1936- _4edt |
|
| 942 |
_cBK _k621.395 CHE _2ddc |
||
| 999 |
_c9825 _d9825 |
||